[Event "Mittelrhein Regionalliga 16/17"]
[Site "Nordrheinwestfalen"]
[Date "2017.03.19"]
[Round "9.7"]
[White "Gillar, Frank"]
[Black "Diesner, Michael"]
[Result "0-1"]
[WhiteElo "1545"]
[BlackElo "2075"]
[PlyCount "48"]
[EventDate "2016.09.11"]
[EventType "team-tourn"]
[EventRounds "11"]
[EventCountry "GER"]
[SourceTitle "EXT 2022"]
[Source "ChessBase"]
[SourceDate "2021.10.06"]
[SourceVersion "1"]
[SourceVersionDate "2021.10.06"]
[SourceQuality "1"]
[WhiteTeam "Koeln SF II"]
[BlackTeam "Koeln Lasker"]
[WhiteTeamCountry "GER"]
[BlackTeamCountry "GER"]

1. c4 e5 2. g3 Nf6 3. Bg2 c6 4. Nc3 d5 5. cxd5 cxd5 6. e3 Nc6 7. Nge2 Be6 8. d4 e4 9. a3 Bd6 10. 0-0 0-0 11. f3 exf3 12. Bxf3 Bh3 13. Rf2 Re8 14. Nf4 Bxf4 15. exf4 Nxd4 16. Be3 Nxf3+ 17. Rxf3 Bg4 18. Bd4 Re4 19. Bxf6 Qxf6 20. Qxd5 Bxf3 21. Nxe4 Qxb2 22. Ra2 Bxe4 23. Qxf7+ Kxf7 24. Rxb2 Rc8 0-1

[Event "Troisdorf op"]
[Site "Troisdorf"]
[Date "2012.12.04"]
[Round "7"]
[White "Schilcher, Adrian"]
[Black "Gillar, Frank"]
[Result "1-0"]
[WhiteElo "1814"]
[BlackElo "1512"]
[PlyCount "71"]
[EventDate "2012.10.23"]
[EventType "swiss"]
[EventRounds "7"]
[EventCountry "GER"]
[SourceTitle "EXT 2014"]
[Source "ChessBase"]
[SourceDate "2013.11.20"]
[SourceVersion "1"]
[SourceVersionDate "2013.11.20"]
[SourceQuality "1"]

1. e4 e6 2. d4 d5 3. Nd2 c5 4. Ngf3 cxd4 5. Nxd4 Bc5 6. N2b3 Bb6 7. Bb5+ Bd7 8. exd5 Bxb5 9. Nxb5 exd5 10. Bf4 Qe7+ 11. Qe2 Qxe2+ 12. Kxe2 Nf6 13. Nd6+ Kd7 14. Nxf7 Re8+ 15. Kf3 Nc6 16. Nd6 Re6 17. Nxb7 Nd4+ 18. Nxd4 Bxd4 19. c3 Bb6 20. b4 Rf8 21. h4 Ne4 22. Nc5+ Nxc5 23. bxc5 Bxc5 24. Rad1 Kc6 25. Rhe1 Rxe1 26. Rxe1 Bxf2 27. Re6+ Kc5 28. g3 Bg1 29. Kg2 Bd4 30. Bd6+ Kc4 31. Bxf8 Kxc3 32. Re7 Bf6 33. Bxg7 Bxg7 34. Rxg7 d4 35. Rxa7 d3 36. a4 1-0

[Event "Troisdorf op"]
[Site "Troisdorf"]
[Date "2011.12.06"]
[Round "7"]
[White "Gillar, Frank"]
[Black "Hoferichter, Michael"]
[Result "1-0"]
[WhiteElo "1522"]
[BlackElo "1209"]
[PlyCount "117"]
[EventDate "2011.10.25"]
[EventType "swiss"]
[EventRounds "7"]
[EventCountry "GER"]
[SourceTitle "EXT 2013"]
[Source "ChessBase"]
[SourceDate "2012.11.22"]
[SourceVersion "1"]
[SourceVersionDate "2012.11.22"]
[SourceQuality "1"]

1. d4 Nf6 2. c4 e6 3. Nc3 Bb4 4. f3 0-0 5. a3 Bxc3+ 6. bxc3 d5 7. cxd5 exd5 8. Qc2 b6 9. Bg5 h6 10. Bh4 Bb7 11. Nh3 g5 12. Bg3 Bc8 13. Nf2 Nh5 14. Be5 Nf6 15. e4 Re8 16. Bxf6 Qxf6 17. e5 Nc6 18. Be2 Qe6 19. 0-0 h5 20. Nh3 Qh6 21. Nf2 f6 22. Bb5 fxe5 23. Rfe1 Re6 24. Bxc6 Rxc6 25. Rxe5 Be6 26. Rae1 Kf7 27. Nd1 h4 28. Ne3 Re8 29. h3 Qg6 30. Qxg6+ Kxg6 31. Nxd5 Kf7 32. R1e3 Bd7 33. Rxe8 Bxe8 34. Re7+ Kf8 35. Rxc7 Rxc7 36. Nxc7 Bf7 37. Nb5 a5 38. Nd6 Ba2 39. Ne4 b5 40. Nxg5 Ke7 41. Kf2 Kd6 42. Ne4+ Kd5 43. Nd2 a4 44. Ke3 Kc6 45. Ke4 Kd6 46. f4 Bd5+ 47. Kf5 Bxg2 48. Kg4 Bd5 49. Kxh4 Be6 50. Kg3 Ke7 51. h4 Bf5 52. Kf3 Kf6 53. Ke3 Ke6 54. Ne4 Bg4 55. Ng3 Kf6 56. d5 Ke7 57. Kd4 Kd6 58. h5 Bf3 59. h6 1-0

[Event "Troisdorf op"]
[Site "Troisdorf"]
[Date "2011.11.29"]
[Round "6"]
[White "Bauer, Mirko"]
[Black "Gillar, Frank"]
[Result "1-0"]
[WhiteElo "1730"]
[BlackElo "1522"]
[PlyCount "81"]
[EventDate "2011.10.25"]
[EventType "swiss"]
[EventRounds "7"]
[EventCountry "GER"]
[SourceTitle "EXT 2013"]
[Source "ChessBase"]
[SourceDate "2012.11.22"]
[SourceVersion "1"]
[SourceVersionDate "2012.11.22"]
[SourceQuality "1"]

1. d4 d5 2. c4 e5 3. dxe5 d4 4. Nf3 Nc6 5. g3 Bb4+ 6. Nbd2 Be6 7. Qc2 Nge7 8. a3 Bxd2+ 9. Bxd2 Ng6 10. Bg5 Qd7 11. Bg2 h6 12. Bf4 Bf5 13. Qd2 Rd8 14. 0-0 0-0 15. Rad1 Qe6 16. Rc1 b6 17. Rfd1 Ngxe5 18. Nxe5 Nxe5 19. Bd5 Qf6 20. Qxd4 Rfe8 21. Bxe5 Qxe5 22. Qxe5 Rxe5 23. Bxf7+ Kxf7 24. Rxd8 Rxe2 25. b4 Ra2 26. Rd4 Rxa3 27. Rf4 Kg6 28. h4 Rb3 29. c5 b5 30. c6 Rd3 31. h5+ Kg5 32. Rc5 g6 33. hxg6 Kxg6 34. Rcxf5 Rd6 35. Rxb5 Rxc6 36. Rb7 Rc1+ 37. Kg2 c5 38. b5 c4 39. Rxa7 c3 40. Rc7 c2 41. Rfc4 1-0

[Event "Cologne Ford op 17th"]
[Site "Cologne"]
[Date "2011.05.09"]
[Round "4"]
[White "Kuehnast, Volker"]
[Black "Gillar, Frank"]
[Result "1-0"]
[WhiteElo "1825"]
[BlackElo "1493"]
[PlyCount "71"]
[EventDate "2011.04.12"]
[EventType "swiss"]
[EventRounds "7"]
[EventCountry "GER"]
[SourceTitle "EXT 2012"]
[Source "ChessBase"]
[SourceDate "2011.11.24"]
[SourceVersion "1"]
[SourceVersionDate "2011.11.24"]
[SourceQuality "1"]

1. e4 e6 2. d3 d5 3. Nd2 c5 4. Ngf3 Nc6 5. g3 Bd6 6. Bg2 Nge7 7. 0-0 0-0 8. Re1 Qc7 9. c3 Bd7 10. Nf1 f6 11. Ne3 Be8 12. Nh4 b5 13. exd5 exd5 14. Nxd5 Nxd5 15. Bxd5+ Bf7 16. Qb3 Kh8 17. Bxf7 Rxf7 18. Nf5 Rd7 19. Nxd6 Qxd6 20. Bf4 Qd5 21. Qxb5 Ne5 22. Bxe5 fxe5 23. Qc4 Qxc4 24. dxc4 Re8 25. Rad1 Rde7 26. Rd5 Kg8 27. Rxc5 e4 28. Re3 g6 29. Rd5 Kf7 30. b4 a6 31. a4 Kf6 32. Rd6+ Re6 33. Rxe6+ Rxe6 34. c5 Ke5 35. f3 Kd5 36. Rxe4 1-0

[Event "Cologne Ford op"]
[Site "Cologne"]
[Date "2010.04.26"]
[Round "2"]
[White "Gillar, Frank"]
[Black "Knuetter, Helmut"]
[Result "1/2-1/2"]
[WhiteElo "1359"]
[BlackElo "1610"]
[PlyCount "114"]
[EventDate "2010.04.19"]
[EventType "swiss"]
[EventRounds "7"]
[EventCountry "GER"]
[SourceTitle "EXT 2011"]
[Source "ChessBase"]
[SourceDate "2010.11.26"]
[SourceVersion "1"]
[SourceVersionDate "2010.11.26"]
[SourceQuality "1"]

1. d4 Nf6 2. c4 e6 3. Nc3 Bb4 4. Nf3 Ne4 5. Qc2 f5 6. g3 0-0 7. Bg2 d6 8. Nd2 Bxc3 9. bxc3 Nxd2 10. Bxd2 Nd7 11. 0-0 Rb8 12. e4 fxe4 13. Bxe4 h6 14. Rae1 Kh8 15. Bg2 e5 16. Re4 Nf6 17. Rh4 Ng8 18. Bd5 Qf6 19. Qc1 Be6 20. Bg5 Qf7 21. Be4 Bf5 22. Bd5 Qd7 23. Bxg8 Kxg8 24. Bxh6 gxh6 25. Qxh6 Qg7 26. Qh5 Rf6 27. Kg2 Rbf8 28. dxe5 dxe5 29. Qe2 Rh6 30. Rxh6 Qxh6 31. g4 Qg7 32. f3 Bd7 33. Kg3 Qf6 34. Qe3 Bc6 35. f4 exf4+ 36. Rxf4 Qxf4+ 37. Qxf4 Rxf4 38. Kxf4 b6 39. a3 Kf7 40. h4 Bd7 41. h5 c5 42. g5 Be6 43. Ke5 Bxc4 44. Kd6 Be2 45. h6 Kg6 46. Kc7 Bd3 47. Kb7 Kxg5 48. Kxa7 Kxh6 49. Kxb6 c4 50. a4 Kg5 51. Kc5 Kf6 52. a5 Bf1 53. a6 Ke7 54. a7 Bg2 55. Kxc4 Kd6 56. Kb5 Kc7 57. c4 Kb7 1/2-1/2